000 00613nam a2200241Ia 4500
008 210210b2010 xxu||||| |||| 00| 0 eng d
020 _a9788131011553
041 _aeng
082 _a006.6869 JOHG
100 _aJOHRI (Shashank)
245 _aGateway to coreldraw X4 and X5
_bComplete practical based book for students and professionals
260 _aDelhi
_bManoj Publications
_c2010
300 _a120
650 _aX5
650 _aX4
650 _ato
650 _aGateway
650 _acoreldraw
650 _aand
690 _aComputer Animation
700 _aSURANJNA (J)
906 _a066699
999 _c149163
_d149163